| 000 | 01470nam a2200301 a 4500 | ||
|---|---|---|---|
| 001 | 000002200 | ||
| 005 | 20200929150155.0 | ||
| 008 | 090701s1991 dr a 001 0 spa d | ||
| 040 |
_aDO-SdBNP _bspa _cBNPHU |
||
| 082 |
_a332.097293 _bV443s |
||
| 100 | 1 |
_aVeloz, Apolinar _97038 |
|
| 245 | 1 | 0 |
_aSistema financiero y asignación del crédito / _cApolinar Veloz , M. Lizardo , R. M. Guzmán ; prólogo Jaime Aristy Escuder. |
| 260 |
_aSanto Domingo : _bTaller, _c1991. |
||
| 300 |
_a138 p. : _bil. ; _c23 cm. |
||
| 500 | _aEdición auspiciada por el Banco Popular Dominicano. | ||
| 500 | _aIncluye índice general y de cuadros. | ||
| 500 | _aIncluye referencias bibliográficas y notas al pie de las paginas | ||
| 504 | _aBibliografía: p. 137-138 | ||
| 505 | 0 | _aMarco general de la economía dominicana: 1970-1987 -- Estructura y evolución del sistema financiero dominicano -- Instrumentos de política crediticia en la República Dominicana -- Efectos de la política crediticia oficial sobre el sistema financiero -- Asignación efectiva de los recusos crediticios. | |
| 590 | _aInventariado, 2018/MFF | ||
| 650 | 4 |
_aPolítica financiera _zRepública Dominicana _97039 |
|
| 650 | 4 |
_aPolítica crediticia _zRepública Dominicana _97040 |
|
| 651 | 0 |
_aRepública Dominicana _xCondiciones Económicas _9281 |
|
| 700 | 1 |
_aLizardo, M. _97041 |
|
| 700 | 1 |
_aGuzmán, R. M. _97042 |
|
| 700 | 1 |
_aAristy Escuder , Jaime _97043 |
|
| 910 | _aValidado. Control de calidad MFF | ||
| 999 |
_c2048 _d2048 |
||